Dentistry in a Nutshell : (Record no. 172503)
[ view plain ]
| 000 -LEADER | |
|---|---|
| fixed length control field | 00882nam a2200265zi 4500 |
| 001 - CONTROL NUMBER | |
| control field | 020428719 |
| 003 - CONTROL NUMBER IDENTIFIER | |
| control field | Uk |
| 005 - DATE AND TIME OF LATEST TRANSACTION | |
| control field | 20251119143417.0 |
| 008 - FIXED-LENGTH DATA ELEMENTS--GENERAL INFORMATION | |
| fixed length control field | 211115s2021 enk 000 0 eng d |
| 020 ## - INTERNATIONAL STANDARD BOOK NUMBER | |
| International Standard Book Number | 9781919626000 (paperback.) : |
| 040 ## - CATALOGING SOURCE | |
| Original cataloging agency | UK-WkNB |
| Language of cataloging | eng |
| Transcribing agency | NUST |
| Description conventions | rda |
| Modifying agency | NUST |
| 050 ## - LIBRARY OF CONGRESS CALL NUMBER | |
| Classification number | RK55.2 GOR |
| 100 1# - MAIN ENTRY--PERSONAL NAME | |
| Personal name | Gore, Nicola Z, |
| Titles and words associated with a name | Dr, |
| Relator term | author. |
| 245 10 - TITLE STATEMENT | |
| Title | Dentistry in a Nutshell : |
| Remainder of title | A Practical Guide to Clinical Dentistry / |
| Statement of responsibility, etc. | Nicola Z Gore. |
| 260 ## - PUBLICATION, DISTRIBUTION, ETC. | |
| Place of publication, distribution, etc. | London ; |
| Name of publisher, distributor, etc. | DIAN |
| Date of publication, distribution, etc. | ©2021. |
| 300 ## - PHYSICAL DESCRIPTION | |
| Extent | vii, 270 pages |
| Other physical details | illustrations |
| Dimensions | 29 cm |
| 336 ## - CONTENT TYPE | |
| Source | rdamedia |
| Content type term | text |
| Content type code | txt |
| 337 ## - MEDIA TYPE | |
| Source | rdamedia |
| Media type term | unmediated |
| Media type code | n |
| 338 ## - CARRIER TYPE | |
| Source | rdamedia |
| Carrier type term | volume |
| Carrier type code | nc |
| 504 ## - BIBLIOGRAPHY, ETC. NOTE | |
| Bibliography, etc. note | Includes Bibliographic References and index. |
| 650 ## - SUBJECT ADDED ENTRY--TOPICAL TERM | |
| Topical term or geographic name entry element | Dentistry |
| 700 ## - ADDED ENTRY--PERSONAL NAME | |
| Personal name | Nicola Z Gore. |
| Relator term | Author |
| 700 ## - ADDED ENTRY--PERSONAL NAME | |
| Personal name | Raabiha N Maan |
| Relator term | Author |
| 942 ## - ADDED ENTRY ELEMENTS (KOHA) | |
| Source of classification or shelving scheme | Library of Congress Classification |
| Suppress in OPAC | No |
| Koha item type | Ordinary Loan Books |
| Classification part | RK55.2 GOR |
| Call number prefix | RK55.2 |
| Call number suffix | GOR |
| Withdrawn status | Lost status | Source of classification or shelving scheme | Damaged status | Not for loan | Collection | Home library | Current library | Shelving location | Date acquired | Source of acquisition | Cost, normal purchase price | Total Checkouts | Full call number | Barcode | Date last seen | Accession number | Cost, replacement price | Price effective from | Koha item type | Public note |
|---|---|---|---|---|---|---|---|---|---|---|---|---|---|---|---|---|---|---|---|---|
| LCC | NFIC | Medical | Medical | GEN | 11/19/2025 | Book Aid International | 80.00 | RK55.2 GOR | 92004053169 | 11/19/2025 | 60755 | 80.00 | 11/19/2025 | BOOKS | Donation |